Capitals of U.S. Territories Quiz - Statistics

General Stats
  • This quiz has been taken 49 times
  • The average score is 4 of 5
Answer Stats
U.S. Territory Capital % Correct
Puerto Rico San Juan
94%
American Samoa Pago Pago
87%
Northern Mariana Islands Saipan
81%
Guam Hagåtña
58%
U.S. Virgin Islands Charlotte Amalie
52%
No matching quizzes found
Score Distribution
Percent of People with Each Score
Percentile by Number Answered
Your Score History
You have not taken this quiz